Advances in Acoustics and Vibration (Запис № 453962)

МАРК-запис
000 -LEADER
fixed length control field 07316nam a22007095i 4500
001 - CONTROL NUMBER
control field 978-3-319-41459-1
003 - CONTROL NUMBER IDENTIFIER
control field DE-He213
005 - DATE AND TIME OF LATEST TRANSACTION
control field 20210118154711.0
007 - PHYSICAL DESCRIPTION FIXED FIELD--GENERAL INFORMATION
fixed length control field cr nn 008mamaa
008 - FIXED-LENGTH DATA ELEMENTS--GENERAL INFORMATION
fixed length control field 160901s2017 gw | s |||| 0|eng d
020 ## - INTERNATIONAL STANDARD BOOK NUMBER
International Standard Book Number 9783319414591
-- 978-3-319-41459-1
024 7# - OTHER STANDARD IDENTIFIER
Standard number or code 10.1007/978-3-319-41459-1
Source of number or code doi
050 #4 - LIBRARY OF CONGRESS CALL NUMBER
Classification number TA355
050 #4 - LIBRARY OF CONGRESS CALL NUMBER
Classification number TA352-356
072 #7 - SUBJECT CATEGORY CODE
Subject category code TGMD4
Source bicssc
072 #7 - SUBJECT CATEGORY CODE
Subject category code TEC009070
Source bisacsh
072 #7 - SUBJECT CATEGORY CODE
Subject category code TGMD
Source thema
082 04 - DEWEY DECIMAL CLASSIFICATION NUMBER
Classification number 620
Edition number 23
245 10 - TITLE STATEMENT
Title Advances in Acoustics and Vibration
Medium [electronic resource] :
Remainder of title Proceedings of the International Conference on Acoustics and Vibration (ICAV2016), March 21-23, Hammamet, Tunisia /
Statement of responsibility, etc edited by Tahar Fakhfakh, Fakher Chaari, Lasaad Walha, Moez Abdennadher, Mohamed Slim Abbes, Mohamed Haddar.
250 ## - EDITION STATEMENT
Edition statement 1st ed. 2017.
264 #1 -
-- Cham :
-- Springer International Publishing :
-- Imprint: Springer,
-- 2017.
300 ## - PHYSICAL DESCRIPTION
Extent IX, 329 p. 173 illus., 142 illus. in color.
Other physical details online resource.
336 ## -
-- text
-- txt
-- rdacontent
337 ## -
-- computer
-- c
-- rdamedia
338 ## -
-- online resource
-- cr
-- rdacarrier
347 ## -
-- text file
-- PDF
-- rda
490 1# - SERIES STATEMENT
Series statement Applied Condition Monitoring,
Міжнародний стандартний серійний номер для назви серії (ISSN) 2363-698X ;
Том/ позначення послідовності 5
505 0# - FORMATTED CONTENTS NOTE
Formatted contents note Fault Diagnosis in Gas Turbine Based on Neural Networks: Vibrations Speed Application -- Early Detection of gear Faults in Variable Load and Dimensions Defect Using Ensemble Empirical Mode Decomposition (EEMD) -- Design of Shunted Piezoelectric Patches Using Topology Optimization for Noise and Vibration Attenuation -- Prediction of Sound Radiation from Submerged Cylindrical Shell Structure with an Interpolation Method for the Measured Surface Velocity.-Identification of Small Objects with Near-Field Data in Quasi-Backscattering Configurations -- Characterization of Sandwich Beams with Shear Damage by Linear Vibration Method -- Parameter Identification of a Sandwich Beam Using Numerical-Based Inhomogeneous Wave Correlation Method.-Time Domain Stability Analysis For Machining Processes -- Modeling and Control for Lateral Rail Vehicle Dynamic Vibration with Comfort Evaluation -- Vibration Detection in Gas Turbine Rotor Using Artificial Neural Network Combined with Continues Wavelet -- A Finite Element Model for Elastic-Viscoelastic –Elastic Composite Structures -- Application of the Operational Modal Analysis Using the Independent Component Analysis in the Case of a Quarter Car Vehicle Model -- Feature Extraction Using S-Transform and 2DNMF for Diesel Engine Faults Classification -- Experimental Study of Combined Gear and Bearing Defects by Sound Perception -- Modal Analysis of Spur Gearbox with an Elastic Coupling -- Planet Load Sharing Behavior During Run Up -- Multi-objective Design Optimization of the NBTTL Mechanism -- Appropriation Method Applied to the Estimation of Modal Damping -- Simulation of Resonance Phenomenon in Pipelines Caused by Water Hammer.-Sensitivity of GFRP Composite Integrity to Machining-Induced Heat: A Numerical Approach -- A Comparative Assessment of In-Operation Modal Analysis and Frequency Domain Decomposition Using Simulated Data -- Experimental Investigation for Forced Vibration of Honeycomb Sandwich Beams -- Theoretical and Experimental Analysis of the Vibrational Behavior of a Polyester Composite Material -- Robust Multi-objective Collaborative Optimization of Complex Structures -- Investigations on the Validity of the Poisson Assumption in Reliability Based Optimization of TMD Parameters -- FE Modeling of Wear Mechanisms in UD-GFRP Composites Using Single-Indenter Scratch Test: A Micromechanical Approach -- Dynamic Analysis of the Perforation of Aluminum Alloy at Low Velocity Impact -- Non-linear Dynamics Analysis of Multilayer Composite Shells with Enhanced Solid-shell Elements -- An Effective Method for the Identification of Support Features in Multi-Supported Systems -- Dynamic Analysis of a Wedge Disc Brake According to the Variations of Friction Coefficient.
520 ## - SUMMARY, ETC.
Summary, etc The book provides readers with a snapshot of recent research and industrial trends in field of industrial acoustics and vibration. Each chapter, accepted after a rigorous peer-review process, reports on a selected, original piece of work presented and discussed at International Conference on Acoustics and Vibration (ICAV2016), which was organized by the Tunisian Association of Industrial Acoustics and Vibration (ATAVI) and held March 21-23, in Hammamet, Tunisia. The contributions, mainly written by north African authors, covers advances in both theory and practice in a variety of subfields, such as: smart materials and structures; fluid-structure interaction; structural acoustics as well as computational vibro-acoustics and numerical methods. Further topics include: engines control, noise identification, robust design, flow-induced vibration and many others.This book provides a valuable resource for both academics and professionals dealing with diverse issues in applied mechanics. By combining advanced theories with industrial issues, it is expected to facilitate communication and collaboration between different groups of researchers and technology users.
506 ## - RESTRICTIONS ON ACCESS NOTE
Terms governing access Available to subscribing member institutions only. Доступно лише організаціям членам підписки.
506 ## - RESTRICTIONS ON ACCESS NOTE
Standardized terminology for access restriction Online access from local network of NaUOA.
506 ## - RESTRICTIONS ON ACCESS NOTE
Standardized terminology for access restriction Online access with authorization at https://link.springer.com/
506 ## - RESTRICTIONS ON ACCESS NOTE
Standardized terminology for access restriction Онлайн-доступ з локальної мережі НаУОА.
506 ## - RESTRICTIONS ON ACCESS NOTE
Standardized terminology for access restriction Онлайн доступ з авторизацією на https://link.springer.com/
650 #0 - SUBJECT ADDED ENTRY--TOPICAL TERM
Topical term or geographic name as entry element Vibration.
650 #0 - SUBJECT ADDED ENTRY--TOPICAL TERM
Topical term or geographic name as entry element Dynamical systems.
650 #0 - SUBJECT ADDED ENTRY--TOPICAL TERM
Topical term or geographic name as entry element Dynamics.
650 #0 - SUBJECT ADDED ENTRY--TOPICAL TERM
Topical term or geographic name as entry element Acoustical engineering.
650 #0 - SUBJECT ADDED ENTRY--TOPICAL TERM
Topical term or geographic name as entry element Quality control.
650 #0 - SUBJECT ADDED ENTRY--TOPICAL TERM
Topical term or geographic name as entry element Reliability.
650 #0 - SUBJECT ADDED ENTRY--TOPICAL TERM
Topical term or geographic name as entry element Industrial safety.
650 14 - SUBJECT ADDED ENTRY--TOPICAL TERM
Topical term or geographic name as entry element Vibration, Dynamical Systems, Control.
-- http://scigraph.springernature.com/things/product-market-codes/T15036
650 24 - SUBJECT ADDED ENTRY--TOPICAL TERM
Topical term or geographic name as entry element Engineering Acoustics.
-- http://scigraph.springernature.com/things/product-market-codes/T16000
650 24 - SUBJECT ADDED ENTRY--TOPICAL TERM
Topical term or geographic name as entry element Quality Control, Reliability, Safety and Risk.
-- http://scigraph.springernature.com/things/product-market-codes/T22032
700 1# - ADDED ENTRY--PERSONAL NAME
Personal name Fakhfakh, Tahar.
Relator term editor.
Relator code edt
-- http://id.loc.gov/vocabulary/relators/edt
700 1# - ADDED ENTRY--PERSONAL NAME
Personal name Chaari, Fakher.
Relator term editor.
Relator code edt
-- http://id.loc.gov/vocabulary/relators/edt
700 1# - ADDED ENTRY--PERSONAL NAME
Personal name Walha, Lasaad.
Relator term editor.
Relator code edt
-- http://id.loc.gov/vocabulary/relators/edt
700 1# - ADDED ENTRY--PERSONAL NAME
Personal name Abdennadher, Moez.
Relator term editor.
Relator code edt
-- http://id.loc.gov/vocabulary/relators/edt
700 1# - ADDED ENTRY--PERSONAL NAME
Personal name Abbes, Mohamed Slim.
Relator term editor.
Relator code edt
-- http://id.loc.gov/vocabulary/relators/edt
700 1# - ADDED ENTRY--PERSONAL NAME
Personal name Haddar, Mohamed.
Relator term editor.
Relator code edt
-- http://id.loc.gov/vocabulary/relators/edt
710 2# - ADDED ENTRY--CORPORATE NAME
Corporate name or jurisdiction name as entry element SpringerLink (Online service)
773 0# - HOST ITEM ENTRY
Title Springer eBooks
776 08 - ADDITIONAL PHYSICAL FORM ENTRY
Display text Printed edition:
International Standard Book Number 9783319414584
776 08 - ADDITIONAL PHYSICAL FORM ENTRY
Display text Printed edition:
International Standard Book Number 9783319414607
776 08 - ADDITIONAL PHYSICAL FORM ENTRY
Display text Printed edition:
International Standard Book Number 9783319823614
830 #0 - SERIES ADDED ENTRY--UNIFORM TITLE
Uniform title Applied Condition Monitoring,
-- 2363-698X ;
Volume number/sequential designation 5
856 40 - ELECTRONIC LOCATION AND ACCESS
Uniform Resource Identifier <a href="https://doi.org/10.1007/978-3-319-41459-1">https://doi.org/10.1007/978-3-319-41459-1</a>
912 ## -
-- ZDB-2-ENG
942 ## - ADDED ENTRY ELEMENTS (KOHA)
Koha item type ЕКнига

Немає доступних примірників.